000 00494ntaaa2200193 4500
003 01
005 20251027201628.0
008 0714s1973 ag 01
040 _aAR-BaBN
_bspa
_cAR-BaBN
_eaacr
_dRIC
082 _a248.4200 C61
100 _aCliffe, Albert E.
_915008
245 _aLet go and let God
250 _a1 ed.
260 _aEnglewood Cliffs :
_bPrentice-Hall Inc.,
_cc1951
300 _axi, 176 p
500 _aPasos en la vida victoriosa
650 _avida cristiana
942 _cBK
999 _c10950
_d10950